000 00606nam a2200229Ia 4500
003 OSt
005 20230602111344.0
008 210423s2013 xx 000 0 und d
020 _a978-81-924740-1-4
040 _cAL
041 _aeng
082 _a361.76 SINN
100 _aSINGH (L K);MEHTA (Neeta)
_9118736
245 _aNGOs management and social work
260 _aNew Delhi
_bAxis Books Pvt Ltd
_c2013
300 _av,247
_bHB
365 _b795
_cINR
650 _aPrivate Action
_9118737
650 _aSocial Work
_9118738
906 _amanagement ; NGOs ; social ; work
942 _2ddc
_cBK
999 _c176483
_d176483